00542nam a2200205 i 4500001001100000003000500011005001700016008004100033020001500074040002500089082001600114100003300130245001700163264004500180300002400225336002100249337002500270338002300295650001800318C2-0222724PPAK20180728151754.0000125s1999 my |||| ||||| | may d a9838933945 aPPAKbengcPPAKerda04a899.2332230 aLiana Afiera Malik, eauthor10aJanji Assila 1aKuala Lumpur : bCreative , c1999, 2000 a510 pages ; c19 cm 2rdacontentatext 2rdamediaaunmediated 2rdacarrieravolume10aMalay fiction